Cuadernos del sur 5 /

Guardado en:
Formato: Libro
Publicado: Bah¡a Blanca : Instituto de humanidades, 1966
Series:Cuadernos del sur, 5
Materias:
Etiquetas: Agregar Etiqueta
Sin Etiquetas, Sea el primero en etiquetar este registro!
LEADER 00490nam a22001695a 4500
001 CEM.cems006969
005 20060214000000.0
008 130507s1966##################000#0#####d
003 CEMS
082 0 4 |a 001.3 
245 0 0 |a Cuadernos del sur 5 / 
260 |a Bah¡a Blanca :  |b Instituto de humanidades,  |c 1966 
300 |a 127 p. 
490 0 |a Cuadernos del sur, 5 
653 |a Estilistica poetica 
653 |a Simbolismo iconografico 
859 |a CEMS  |b BIB. CEMS - 11 de abril  |h 001.3  |i C891-5  |p 11398.82  |t Ej.1